<?xml version="1.0" encoding="UTF-8"?>
<record
    xmlns:xsi="http://www.w3.org/2001/XMLSchema-instance"
    xsi:schemaLocation="http://www.loc.gov/MARC21/slim http://www.loc.gov/standards/marcxml/schema/MARC21slim.xsd"
    xmlns="http://www.loc.gov/MARC21/slim">

  <leader>00831nam a2200205 a 4500</leader>
  <controlfield tag="008">170302t1991    ag ||||f |||| 001 0 spa d</controlfield>
  <datafield tag="041" ind1=" " ind2=" ">
    <subfield code="a">spa</subfield>
  </datafield>
  <datafield tag="092" ind1=" " ind2=" ">
    <subfield code="c">172</subfield>
    <subfield code="l">85</subfield>
    <subfield code="s">TUL</subfield>
  </datafield>
  <datafield tag="100" ind1="1" ind2=" ">
    <subfield code="a">Tulian, Domingo Carlos</subfield>
    <subfield code="9">3178</subfield>
  </datafield>
  <datafield tag="245" ind1=" " ind2="4">
    <subfield code="a">Los derechos humanos.</subfield>
    <subfield code="b">Movimiento social. Conciencia historica. Realidad jur&#xED;dica /</subfield>
    <subfield code="c">Domingo Carlos Tulian</subfield>
  </datafield>
  <datafield tag="250" ind1=" " ind2=" ">
    <subfield code="a">1a ed.</subfield>
  </datafield>
  <datafield tag="260" ind1=" " ind2=" ">
    <subfield code="a">Buenos Aires:</subfield>
    <subfield code="b">La colmena ; Hvmanitas;</subfield>
    <subfield code="c">1991.</subfield>
  </datafield>
  <datafield tag="300" ind1=" " ind2=" ">
    <subfield code="a">146 p.</subfield>
  </datafield>
  <datafield tag="500" ind1=" " ind2=" ">
    <subfield code="a">Tulian, D. C. (1991). Los derechos humanos. Movimiento social. Conciencia hist&#xF3;rica. Realidad jur&#xED;dica. (1a ed.). Buenos Aires : Humanitas.</subfield>
  </datafield>
  <datafield tag="590" ind1=" " ind2=" ">
    <subfield code="a">Donacion Dora Vera,febrero 2017.</subfield>
  </datafield>
  <datafield tag="653" ind1=" " ind2="3">
    <subfield code="a">El movimiento de la sociedad, el Estado y el Derecho</subfield>
  </datafield>
  <datafield tag="653" ind1=" " ind2="5">
    <subfield code="a">&#xBF;Una realidad muy antigua?</subfield>
  </datafield>
  <datafield tag="653" ind1=" " ind2="3">
    <subfield code="a">El inter&#xE9;s propio en el derecho ajeno</subfield>
  </datafield>
  <datafield tag="942" ind1=" " ind2=" ">
    <subfield code="2">ddc</subfield>
    <subfield code="c">BK</subfield>
  </datafield>
  <datafield tag="999" ind1=" " ind2=" ">
    <subfield code="c">2389</subfield>
    <subfield code="d">2389</subfield>
  </datafield>
  <datafield tag="952" ind1=" " ind2=" ">
    <subfield code="0">0</subfield>
    <subfield code="1">0</subfield>
    <subfield code="2">ddc</subfield>
    <subfield code="4">0</subfield>
    <subfield code="7">0</subfield>
    <subfield code="a">BFM</subfield>
    <subfield code="b">BFM</subfield>
    <subfield code="c">CR</subfield>
    <subfield code="d">2017-03-02</subfield>
    <subfield code="e">Donacion Dora Vera, febrero 2017.</subfield>
    <subfield code="l">0</subfield>
    <subfield code="o">172 85 TUL</subfield>
    <subfield code="p">3816</subfield>
    <subfield code="r">2017-03-02</subfield>
    <subfield code="t">Ej.1</subfield>
    <subfield code="w">2017-03-02</subfield>
    <subfield code="y">BK</subfield>
    <subfield code="z">Donacion Dora Vera, febrero 2017.</subfield>
  </datafield>
</record>
